| 000 | 00497nam a2200169Ia 4500 | ||
|---|---|---|---|
| 999 |
_c21645 _d21645 |
||
| 003 | OSt | ||
| 005 | 20200624095315.0 | ||
| 008 | 190216s9999||||xx |||||||||||||| ||und|| | ||
| 020 | _a9780195646535 | ||
| 040 | _coclc | ||
| 082 |
_a954.03 _bALO/N |
||
| 100 |
_aAloysius, G _93148 |
||
| 245 | 0 |
_aNationalism Without A Nation In India / _cG Aloysius |
|
| 260 |
_bOxford India Paperback, _c2012. _aNew Delhi: |
||
| 300 | _a287p | ||
| 942 |
_cBK _2ddc _h954.03 _iALO/N _k954.03 _mALO/N |
||